00507 2200205 4500001002100000005001500021035002000036007000300056008004100059082001000100084001600110100001700126245004300143250001000186260004100196300002100237650001300258856001400271990001600285INLIS00000000000049420240609124106 a0010-1120000106ta240609 0 ind  a635.2 a635.2 MAM m0 aM.Amin Hasan1 aMari Bertanam Singkong /cM.Amin Hasan acet.4 aBandung :bC.V. Citra kencana,c2005 a100 hlm ;c20 cm 4asingkong aKelas 635 a00000000745